Football: 11 de chaque équipe de Ligue 1 - Statistiques

Statistiques générales
  • Ce quiz a été pris 352 fois
  • Le résultat moyen est 57 sur 198
Statistiques - réponses
Equipe Poste Joueurs % Correct
Paris-SG Gardien Donnarumma
93%
Attaquant Dembele
89%
Défenseur Hakimi
89%
Défenseur Marquinhos
89%
Attaquant Barcola
88%
Défenseur Pacho
88%
Milieu Neves
86%
Milieu Vitinha
86%
Défenseur Mendes
85%
Milieu Ruiz
85%
Défenseur Doue
82%
Marseille Gardien Rulli
77%
Attaquant Greenwood
73%
Défenseur Balerdi
71%
Milieu Rabiot
68%
Lille Gardien Chevalier
61%
Attaquant Gouiri
60%
Attaquant Kvaratskhelia
60%
Attaquant Lacazette
56%
Attaquant David
53%
Rennes Gardien Samba
53%
Gardien | Milieu Fofana
50%
Milieu Tolisso
50%
Défenseur Henrique
49%
Défenseur Merlin
49%
Attaquant Cherki
48%
Attaquant Henrique
48%
Lyon Gardien Perri
47%
Défenseur Dante
46%
Milieu Andre
44%
Nice Gardien Bulka
44%
Milieu Hojbjerg
44%
Nantes Gardien Lopes
44%
Défenseur Murillo
44%
Attaquant Akliouche
43%
Milieu Camara
43%
Défenseur Clauss
42%
Attaquant Ajorque
41%
Attaquant Emegha
40%
Défenseur Tagliafico
40%
Brest Gardien Bizot
39%
Toulouse Gardien Restes
39%
Milieu Savanier
39%
Attaquant Laborde
38%
Milieu Zakaria
38%
Milieu Golovin
37%
Milieu Bennacer
36%
Défenseur Bard
35%
Gardien | Milieu Diouf
35%
Attaquant Ben Seghir
34%
Attaquant Biereth
33%
Défenseur Cornelius
33%
Attaquant Diakite
33%
Attaquant Kalimuendo
33%
Milieu Lees-Melou
33%
Défenseur Medina
33%
Milieu Santos
33%
Attaquant Stassin
33%
Milieu Bouaddi
32%
Défenseur Diakite
32%
Saint-Etienne Gardien Larsonneur
32%
Défenseur Mata
32%
Défenseur Niakhate
32%
Défenseur Singo
32%
Défenseur Vanderson
32%
Attaquant Guessand
31%
Défenseur Meunier
31%
Défenseur Pallois
31%
Milieu Cabella
30%
Attaquant Cho
30%
Défenseur Kehrer
30%
Montpellier Gardien Lecomte
30%
Défenseur Maitland-Niles
30%
Strasbourg Gardien Petrovic
30%
Attaquant Simon
30%
Attaquant Sotoca
30%
Attaquant Haraldsson
29%
Défenseur Lala
29%
Attaquant Lepaul
29%
Défenseur Moreira
29%
Attaquant Nuamah
29%
Défenseur Sarr
29%
Attaquant Blas
28%
Attaquant Ito
28%
Attaquant Abline
27%
Défenseur Chardonnet
27%
Défenseur Gradit
27%
Milieu Matic
27%
Attaquant Perrin
27%
Milieu Toure
27%
Auxerre Gardien Leon
26%
Milieu Magnetti
26%
Attaquant Nakamura
26%
Attaquant Delort
25%
Monaco Gardien Majecki
25%
Lens Gardien Ryan
25%
Défenseur Brassier
24%
Attaquant Davitashvili
24%
Attaquant Thomasson
24%
Défenseur Truffert
24%
Milieu Abdelli
23%
Défenseur Ballo
23%
Attaquant Mohamed
23%
Attaquant Nanasi
23%
Défenseur Sidibe
23%
Milieu Tessmann
23%
Attaquant Traore
23%
Attaquant Sima
22%
Attaquant Ayew
21%
Milieu Boudaoui
21%
Défenseur Cresswell
21%
Milieu Diarra
21%
Défenseur Machado
21%
Milieu Santamaria
20%
Défenseur Bombito
19%
Attaquant Cardona
19%
Milieu Chirivella
19%
Défenseur Doukoure
19%
Défenseur Le Cardinal
19%
Défenseur Lloris
19%
Attaquant Magri
19%
Attaquant Sinayoko
19%
Défenseur Aguilar
18%
Défenseur Gudmundsson
18%
Défenseur Jacquet
18%
Défenseur Ndayishimiye
18%
Milieu Sierro
18%
Milieu Teuma
18%
Milieu Chotard
17%
Défenseur Jubal
17%
Défenseur Nade
17%
Attaquant Aboukhlal
16%
Défenseur Assignon
16%
Milieu Bouchouari
16%
Milieu Ferri
16%
Défenseur Haidara
16%
Attaquant Nzola
16%
Défenseur Petrot
16%
Milieu Tardieu
16%
Attaquant Casimir
15%
Milieu Kechta
15%
Attaquant Khazri
15%
Attaquant Lemarechal
15%
Attaquant Pereira Lage
15%
Défenseur Appiah
14%
Défenseur Bamba
14%
Milieu Casseres
14%
Défenseur Castelleto
14%
Défenseur Donnum
14%
Milieu El Aynaoui
14%
Le Havre Gardien Gorgelin
14%
Défenseur Suazo
14%
Attaquant Al-Tamari
13%
Défenseur Batubinsika
13%
Milieu Ekwah
13%
Défenseur Lefort
13%
Attaquant Sahraoui
13%
Milieu Belkebla
12%
Défenseur Wooh
12%
Défenseur Akpa
11%
Milieu Augusto
11%
Attaquant Babicka
11%
Défenseur Hanin
11%
Défenseur Mckenzie
11%
Défenseur Meite
11%
Milieu Capelle
10%
Milieu Danois
10%
Milieu Leroux
10%
Défenseur Mensah
10%
Défenseur Akieme
9%
Attaquant Allevinah
9%
Milieu Al Musrati
9%
Défenseur Hoever
9%
Milieu James
9%
Défenseur Kouyate
9%
Défenseur Sainte-Luce
9%
Défenseur Sow
9%
Attaquant Hassan
8%
Défenseur Kipre
8%
Milieu Munetsi
8%
Défenseur Osho
8%
Défenseur Rao-Lisoa
8%
Défenseur Coco
7%
Attaquant Ferhat
7%
Milieu Mwanga
7%
Défenseur Nego
7%
Défenseur Omobamidele
7%
Défenseur Tchato
7%
Défenseur Kinkoue
6%
Défenseur Okumu
6%
Milieu Owusu
6%
Défenseur Sagnan
6%
Défenseur Buta
4%
Défenseur Alexsandro Ribeiro
3%
Milieu Gbane
3%
Aucun quiz correspondant
Distribution des résultats
% des personnes avec chaque résultat
Percentile par nombre de réponses
Votre historique - résultats
Vous n’avez pas pris ce quiz